Diseño y construcción de un prototipo de semáforo inteligente
محفوظ في:
| المؤلف الرئيسي: | |
|---|---|
| التنسيق: | كتاب |
| منشور في: |
[San José, Costa Rica]
2007
|
| الموضوعات: | |
| الوسوم: |
إضافة وسم
لا توجد وسوم, كن أول من يضع وسما على هذه التسجيلة!
|
MARC
| LEADER | 00000nam a2200000Ia 4500 | ||
|---|---|---|---|
| 003 | 001233 | ||
| 005 | 20221231144055.0 | ||
| 008 | 140114s2007 cr a 000 ||s d | ||
| 040 | |c cru CEDI | ||
| 090 | |a TFG 5755 | ||
| 100 | |a García León, Rodrigo |9 2928 | ||
| 245 | |a Diseño y construcción de un prototipo de semáforo inteligente | ||
| 260 | |c 2007 |b [San José, Costa Rica] | ||
| 300 | |a 51 hojas; ilustraciones | ||
| 500 | |a Proyecto de graduación (bachillerato en igeniería eléctrica)--Universidad de Costa Rica. Facultad de Educación. Escuela de Ingeniería Eléctrica | ||
| 650 | |x SEMAFOROS |x INTELIGENCIA ARTIFICIAL |x CONTROLADORES LOGICOS PROGRAMABLES |x DISPOSITIVOS LOGICOS PROGRAMABLES |x DISEÑO |9 4143 | ||
| 942 | |c TFG | ||
| 999 | |c 16504 |d 16504 | ||
